| 000 | 00613nam a22002177a 4500 | ||
|---|---|---|---|
| 003 | OSt | ||
| 005 | 20170324143737.0 | ||
| 008 | 170324b xxu||||| |||| 00| 0 eng d | ||
| 020 | _a9780853698272 | ||
| 040 | _cDMLN | ||
| 082 | _aQV21 A21d 2009 | ||
| 100 |
_aAppelbe, Gordon E.; Wingfield, Joy _911951 |
||
| 245 | _aDale and Appelbe's Pharmacy Law and Ethics | ||
| 250 | _a9th ed. | ||
| 260 | _aLondon; Pharmaceutical Press, 2009 | ||
| 300 | _aliii,553p; col.ill: 23.5cm | ||
| 504 | _aAppendices, & index included | ||
| 650 |
_aPharmacy Law _911952 |
||
| 650 |
_aPharmacy Ethics _911953 |
||
| 942 |
_2z _cSLOAN |
||
| 999 |
_c5741 _d5741 |
||